| 000 | 01466cab a2200205 4500 | ||
|---|---|---|---|
| 001 | ##ABS67936 | ||
| 008 | 040621n2004 000 0 eng u | ||
| 035 | _a(Sirsi) u126537 | ||
| 041 | 0 | _aeng | |
| 100 | 1 | _aBennett, J. | |
| 245 | 0 | 0 | _aHome ownership in Wales: issues and challenges |
| 260 | _c2004 | ||
| 490 | 0 |
_aCML Housing Finance _v(62) Summer 2004, 45-54(10) |
|
| 520 | _aProfiles home ownership in Wales and describes its particular housing issues and challenges. Finds that Wales has a higher proportion of owner-occupiers than in any other UK country and a higher proportion of low-income and older home-owners than England or Scotland. House prices are relatively low but 8 600 new homes per year are needed to meet new demand, whilst the number of first-time buyers in Wales in 2003 was as low as in the early 1990s. Suggests that the Welsh Assembly and local authorities should address the 8.5% of housing stock in home ownership classified as unfit by using private finance in innovative ways. Intervention should be considered in areas of low demand such as the south Wales valleys and the Assembly should expand the Homebuy scheme to assist aspiring homeowners. Tables cover tenure mix, low-income households, house prices and first time buyers. References. | ||
| 590 | _aABS | ||
| 650 | 2 | 4 | _aNAFW HOMEBUY |
| 651 | 4 |
_aWales _y1998-2007 |
|
| 690 | _aPROPERTY-RESIDENTIAL PROPERTY-ACQUISITION AND DISPOSAL OF RESIDENTIAL PROPERTY | ||
| 942 | _n0 | ||
| 999 |
_c74432 _d74432 |
||